Regulatory reform in Hungary

Gespeichert in:
Bibliographische Detailangaben
Format: Buch
Sprache:Englisch
Veröffentlicht: Paris OECD 2000
Schriftenreihe:OECD Reviews of Regulatory Reform
Governance
Schlagworte:
Tags: Tag hinzufügen
Keine Tags, Fügen Sie das erste Tag hinzu!

MARC

LEADER 00000nam a2200000 4500
001 c123862
005 20230719115043.6
020 |a 92-64-17667-5 
041 0 |a eng 
044 |a FR 
245 1 0 |a Regulatory reform in Hungary 
264 1 |a Paris  |b OECD  |c 2000 
300 |a 364 s. 
490 1 |a OECD Reviews of Regulatory Reform 
830 0 |a OECD Reviews of Regulatory Reform 
490 1 |a Governance 
830 0 |a Governance 
610 2 0 |a reformy 
610 2 0 |a reformy hospodárske 
610 2 0 |a reformy sociálne 
610 2 0 |a reformy štruktúrne 
610 2 0 |a politika hospodárska 
610 2 0 |a priemysel 
610 2 0 |a elektrina 
610 2 0 |a telekomunikácie 
610 2 0 |a investície priame zahraničné 
610 2 0 |a obdobie prechodné 
610 2 0 |a demokracia 
610 2 0 |a riadenie 
610 2 0 |a trh 
610 2 0 |a obchod 
610 2 0 |a Maďarsko